00689nam a2200229 a 4500001001300000003000900013005001700022008004100039020002300080082001600103100002400119245003000143260005200173300000900225500003500234650001700269700002400286902000800310942000700318952011700325999001700442nice12345678IN_TiNIC20260116014418.0140912s2008 muma grp 000 0 eng  a9788171766437c12000a291.4bFER1 aFernandez, Percival a100 Challenging Anecdotes aMumbai bPauline Sisters Training School c2008 a141p aincludes index and biblioraphy aSpirituality1 aFernandez, Percival bSRS cBK 001040708StackRoom-aHMIbHMId2005-01-01g120.00l0o291.4 FER1p024698r2005-01-01v120.00w2014-09-12yBK c15177d15177